| 000 | 00680nam a2200217 u 4500 | ||
|---|---|---|---|
| 005 | 20230110063533.0 | ||
| 008 | 100817s2007 mx r 000 0 spa d | ||
| 020 | _a9789702916093 | ||
| 035 | _aUPN01000177370 | ||
| 049 | _aF | ||
| 050 | 4 |
_aQ163 _bA3.7 |
|
| 245 | 0 | 0 |
_aAire / _cFernando Delmar ... [et al.] ; il. Víctor García Bernal. |
| 260 |
_aMéxico : _bSantillana, _c2007. |
||
| 300 |
_a43 p. : _bprincipalmente il. col. |
||
| 440 | 0 |
_aNaturaleza, ideas y tecnología. _pDivulgación |
|
| 650 | 2 |
_aCiencia _vLiteratura juvenil _96801 |
|
| 650 | 4 |
_aAIRE _91965 |
|
| 700 | 1 |
_aDelmar, Fernando, _ecoaut. _932041 |
|
| 700 | 1 |
_aGarcía Bernal, Víctor, _eil. |
|
| 905 | _aLibro | ||
| 999 |
_c149473 _d149473 |
||